[Event "BCF-ch Seniors 65"]
[Site "Hull"]
[Date "2024.08.04"]
[Round "7"]
[White "Guilfoyle, John M"]
[Black "Dennis, Nigel W"]
[Result "1/2-1/2"]
[WhiteElo "1987"]
[BlackElo "1865"]
[PlyCount "59"]
[EventDate "2024.07.29"]
[EventType "swiss"]
[EventRounds "7"]
[EventCountry "ENG"]
[SourceTitle "CBM 221 Extra"]
[Source "ChessBase"]
[SourceDate "2024.09.30"]
[SourceVersion "1"]
[SourceVersionDate "2024.09.30"]
[SourceQuality "1"]

1. d4 Nf6 2. c4 g6 3. Nc3 Bg7 4. e4 d6 5. Nf3 0-0 6. Be2 e5 7. d5 Nbd7 8. Bg5 a5 9. Nd2 Nc5 10. 0-0 b6 11. b3 Qd7 12. a3 Bb7 13. b4 axb4 14. axb4 Rxa1 15. Qxa1 Ra8 16. Qb2 Na4 17. Nxa4 Qxa4 18. f3 Nd7 19. Nb1 Qa2 20. Qxa2 Rxa2 21. Nc3 Rb2 22. Rb1 Rxb1+ 23. Nxb1 f6 24. Be3 Kf7 25. c5 bxc5 26. Bb5 Ke7 27. Bxd7 Kxd7 28. bxc5 c6 29. dxc6+ Kxc6 30. cxd6 1/2-1/2

[Event "ENG-ch Seniors 65"]
[Site "Kenilworth"]
[Date "2024.05.28"]
[Round "7"]
[White "Wall, Robert1"]
[Black "Dennis, Nigel W"]
[Result "1-0"]
[WhiteElo "1766"]
[BlackElo "1892"]
[PlyCount "123"]
[EventDate "2024.05.24"]
[EventType "swiss"]
[EventRounds "7"]
[EventCountry "ENG"]
[SourceTitle "CBM 220 Extra"]
[Source "ChessBase"]
[SourceDate "2024.07.31"]
[SourceVersion "1"]
[SourceVersionDate "2024.07.31"]
[SourceQuality "1"]

1. d4 Nf6 2. Bf4 d6 3. e3 g6 4. Be2 Bg7 5. c3 0-0 6. Nd2 Nbd7 7. Ngf3 b6 8. 0-0 Bb7 9. h3 c5 10. Re1 Ne4 11. Nxe4 Bxe4 12. Ng5 Bb7 13. Nf3 Nf6 14. Qb3 Qd7 15. Rad1 Ne4 16. Bd3 Qc7 17. Qc2 Nf6 18. Nd2 a6 19. Be2 b5 20. dxc5 Qxc5 21. Nb3 Qc7 22. Bf1 b4 23. c4 a5 24. Rc1 Rfc8 25. Red1 a4 26. Nd4 Qb6 27. Bh2 Ne4 28. f3 Nc5 29. Kh1 b3 30. axb3 Nxb3 31. Nxb3 axb3 32. Qd2 Ra2 33. Rb1 d5 34. Rdc1 d4 35. Bg1 Bh6 36. f4 Be4 37. Bd3 dxe3 38. Bxe3 Qb7 39. Bxe4 Qxe4 40. Qc3 Qb7 41. c5 Bg7 42. Bd4 Bxd4 43. Qxd4 Raa8 44. Rc3 Rc6 45. Qe3 Re6 46. Rxb3 Qd5 47. Qf3 Qd8 48. Rd3 Qc8 49. b4 Ra2 50. Rbd1 Qa6 51. Qf1 Qb7 52. Ra1 Ree2 53. Rxa2 Rxa2 54. b5 Qa8 55. c6 Rc2 56. Qb1 Rc5 57. Rd7 Qb8 58. Qb4 Rxb5 59. c7 Rxb4 60. Rd8+ Kg7 61. cxb8Q Rxb8 62. Rxb8 1-0

[Event "ENG-ch Seniors 65"]
[Site "Kenilworth"]
[Date "2024.05.27"]
[Round "6"]
[White "Dennis, Nigel W"]
[Black "Hutchinson, Norman A"]
[Result "0-1"]
[WhiteElo "1892"]
[BlackElo "1952"]
[PlyCount "128"]
[EventDate "2024.05.24"]
[EventType "swiss"]
[EventRounds "7"]
[EventCountry "ENG"]
[SourceTitle "CBM 220 Extra"]
[Source "ChessBase"]
[SourceDate "2024.07.31"]
[SourceVersion "1"]
[SourceVersionDate "2024.07.31"]
[SourceQuality "1"]

1. e4 c6 2. d4 d5 3. exd5 cxd5 4. c4 Nf6 5. Nc3 Nc6 6. Bg5 dxc4 7. d5 Na5 8. Bxc4 Nxc4 9. Qa4+ Bd7 10. Qxc4 Qb6 11. Nf3 Rc8 12. Qe2 h6 13. Be3 Qa5 14. Qd2 e6 15. dxe6 Bxe6 16. a3 Be7 17. 0-0 0-0 18. b4 Qd8 19. Rac1 a5 20. Nb1 axb4 21. Rxc8 Qxc8 22. Rc1 Qd8 23. axb4 Qxd2 24. Bxd2 Ne4 25. Be1 Bf6 26. Nbd2 Nc3 27. Kh1 Ra8 28. Nf1 Na2 29. Rc7 b5 30. Ne3 Ra4 31. Nc2 Bc4 32. h3 Bd3 33. Nfd4 Bxd4 34. Nxd4 Nxb4 35. Bxb4 Rxb4 36. Rd7 Bc4 37. Rb7 g6 38. Kh2 Kg7 39. Nc6 Rb2 40. Kg3 Bd5 41. Rb6 Rb3+ 42. Kh2 Bxc6 43. Rxc6 Rd3 44. Rb6 Rd5 45. Kg3 h5 46. Kf3 Rc5 47. Ke3 g5 48. g3 f6 49. Kd4 Rf5 50. Ke4 Rxf2 51. Rxb5 Kg6 52. Rb3 Rh2 53. g4 Rf2 54. Ke3 Rf4 55. gxh5+ Kxh5 56. Ke2 Kh4 57. Ra3 f5 58. Rb3 Re4+ 59. Kf2 f4 60. Rb8 Kxh3 61. Rg8 Kg4 62. Rf8 Ra4 63. Rg8 Ra2+ 64. Kf1 Kf3 0-1

[Event "Gibraltar Amateurs op-A"]
[Site "Caleta"]
[Date "2020.01.21"]
[Round "2"]
[White "Dennis, Nigel W"]
[Black "Poggio, Freddie"]
[Result "1-0"]
[WhiteElo "1784"]
[BlackElo "1680"]
[PlyCount "67"]
[EventDate "2020.01.20"]
[EventType "swiss"]
[EventRounds "5"]
[EventCountry "GGB"]
[SourceTitle "CBM 194 Extra"]
[Source "ChessBase"]
[SourceDate "2020.03.31"]
[SourceVersion "1"]
[SourceVersionDate "2020.03.31"]
[SourceQuality "1"]

1. e4 c5 2. Nf3 d6 3. d4 cxd4 4. Nxd4 Nf6 5. Nc3 a6 6. Be2 Nc6 7. 0-0 e6 8. f4 Qb6 9. Be3 e5 10. Nf5 Qc7 11. Ng3 Be7 12. Nd5 Nxd5 13. exd5 exf4 14. Rxf4 Ne5 15. Rf1 0-0 16. a4 Bd7 17. Qd4 Qc5 18. Qd2 Qc7 19. b3 b5 20. a5 Rac8 21. Rfc1 Qc3 22. Qxc3 Rxc3 23. Bd4 Rcc8 24. c4 Bf6 25. Kf1 bxc4 26. bxc4 Bg4 27. Ne4 Bxe2+ 28. Kxe2 Be7 29. c5 Ng6 30. cxd6 Rxc1 31. dxe7 Re8 32. Rxc1 Nf4+ 33. Kf3 Nxd5 34. Nd6 1-0

[Event "Gibraltar Amateur op-B"]
[Site "Caleta"]
[Date "2019.01.29"]
[Round "4"]
[White "Moreno Guerrero, Idelfonso"]
[Black "Dennis, Nigel W"]
[Result "0-1"]
[WhiteElo "1651"]
[BlackElo "1805"]
[PlyCount "58"]
[EventDate "2019.01.26"]
[EventType "swiss"]
[EventRounds "5"]
[EventCountry "GGB"]
[SourceTitle "EXT 2021"]
[Source "ChessBase"]
[SourceDate "2020.10.23"]
[SourceVersion "1"]
[SourceVersionDate "2020.10.23"]
[SourceQuality "1"]

1. e4 c5 2. d3 Nc6 3. Nf3 d6 4. g3 g6 5. Bg2 Bg7 6. 0-0 Nf6 7. Re1 Qc7 8. Nbd2 0-0 9. Nf1 Rb8 10. c3 b5 11. Bg5 Bd7 12. Ne3 e6 13. Rc1 h6 14. Bxf6 Bxf6 15. Ng4 Bg7 16. h4 Kh7 17. d4 b4 18. e5 Rfd8 19. Nf6+ Bxf6 20. exf6 bxc3 21. bxc3 cxd4 22. cxd4 Qa5 23. Ng5+ hxg5 24. Bxc6 Bxc6 25. Rxc6 gxh4 26. Qg4 Qxe1+ 27. Kg2 Rb1 28. Qxh4+ Kg8 29. Qh6 Qe4+ 0-1

[Event "BCF-ch Seniors 65"]
[Site "Hull"]
[Date "2018.07.29"]
[Round "1"]
[White "Dennis, Nigel W"]
[Black "Myall, Ivan J"]
[Result "1/2-1/2"]
[WhiteElo "1806"]
[BlackElo "2007"]
[PlyCount "127"]
[EventDate "2018.07.29"]
[EventType "swiss"]
[EventRounds "7"]
[EventCountry "ENG"]
[SourceTitle "CBM 185 Extra"]
[Source "ChessBase"]
[SourceDate "2018.07.29"]
[SourceVersion "1"]
[SourceVersionDate "2018.07.29"]
[SourceQuality "1"]

1. e4 d6 2. d4 Nf6 3. Nc3 e5 4. Nf3 exd4 5. Nxd4 Be7 6. Be2 0-0 7. 0-0 Nc6 8. Be3 a6 9. f3 Re8 10. Re1 Bf8 11. Qd2 Ne5 12. Nd5 Nxd5 13. exd5 Bd7 14. c4 c5 15. Nc2 b5 16. b3 Rb8 17. Rab1 Bf5 18. Bf4 Qf6 19. Bxe5 Rxe5 20. Bd3 Rxe1+ 21. Rxe1 g6 22. Bxf5 Qxf5 23. Ne3 Qf4 24. Nf1 Bh6 25. Qxf4 Bxf4 26. Ne3 Be5 27. Re2 h5 28. g4 hxg4 29. fxg4 Bd4 30. Kg2 Bxe3 31. Rxe3 bxc4 32. bxc4 Rb2+ 33. Kg3 Rxa2 34. Re8+ Kg7 35. Rd8 Ra3+ 36. Kh4 Rc3 37. Rxd6 f6 38. g5 Rxc4+ 39. Kg3 fxg5 40. Rxa6 Rd4 41. d6 c4 42. Rc6 c3 43. Rxc3 Rxd6 44. Kg4 Rd5 45. Rc7+ Kh6 46. Rc4 Ra5 47. Rb4 Ra2 48. h3 Ra1 49. Rc4 Rg1+ 50. Kf3 Kh5 51. Ra4 Rb1 52. Kg3 Rb3+ 53. Kg2 Re3 54. Rb4 Kh6 55. Rg4 Re5 56. Kg3 Kg7 57. Ra4 Kf6 58. Kg4 Rf5 59. Ra6+ Kg7 60. Ra7+ Kh6 61. Ra4 Rf1 62. Rb4 Rg1+ 63. Kf3 Kh5 64. Ra4 1/2-1/2

[Event "Guernsey Holiday op 43rd"]
[Site "Guernsey"]
[Date "2017.10.18"]
[Round "4"]
[White "Dennis, Nigel W"]
[Black "Nevska, Gerda"]
[Result "0-1"]
[WhiteElo "1785"]
[BlackElo "1677"]
[PlyCount "62"]
[EventDate "2017.10.15"]
[EventType "swiss"]
[EventRounds "7"]
[EventCountry "GCI"]
[SourceTitle "EXT 2020"]
[Source "ChessBase"]
[SourceDate "2019.10.17"]
[SourceVersion "1"]
[SourceVersionDate "2019.10.17"]
[SourceQuality "1"]

1. e4 c5 2. Nf3 Nc6 3. d4 cxd4 4. Nxd4 a6 5. c4 Nf6 6. Nc3 e6 7. a3 Bc5 8. Be3 Ba7 9. Be2 Qa5 10. 0-0 Qc7 11. Nc2 Bb8 12. g3 h5 13. f4 Na5 14. e5 Ng4 15. Bxg4 hxg4 16. Qxg4 g6 17. c5 Nb3 18. Ne4 Nxa1 19. Rxa1 Ba7 20. Qg5 b5 21. Nd6+ Kf8 22. b4 Bb7 23. Qf6 Rh7 24. Nd4 Bd5 25. f5 exf5 26. Bg5 Bxc5 27. bxc5 Qxc5 28. Be3 Qc3 29. Rd1 Qxe3+ 30. Kf1 Rxh2 31. Rd2 Rh1# 0-1

[Event "Gibraltar Amateur op-B"]
[Site "Caleta"]
[Date "2017.01.31"]
[Round "4"]
[White "Dennis, Nigel W"]
[Black "Izzard, Brian J"]
[Result "1-0"]
[WhiteElo "1818"]
[BlackElo "1657"]
[PlyCount "73"]
[EventDate "2017.01.28"]
[EventType "swiss"]
[EventRounds "5"]
[EventCountry "GGB"]
[SourceTitle "EXT 2018"]
[Source "ChessBase"]
[SourceDate "2017.10.13"]
[SourceVersion "1"]
[SourceVersionDate "2017.10.13"]
[SourceQuality "1"]

1. e4 c6 2. d4 d5 3. exd5 cxd5 4. c4 Nf6 5. Nc3 e6 6. Bg5 Be7 7. Nf3 0-0 8. Bd3 dxc4 9. Bxc4 Nc6 10. 0-0 b6 11. a3 Bb7 12. Rc1 Rc8 13. Be2 Re8 14. h3 Nd5 15. Bxe7 Rxe7 16. Bd3 Rd7 17. Re1 Nf6 18. Ne2 e5 19. Bf5 Nxd4 20. Nfxd4 Rxc1 21. Qxc1 exd4 22. Bxd7 Qxd7 23. Qd2 d3 24. Nf4 Ba6 25. Re3 h6 26. Nxd3 Qd4 27. Qc3 Qd6 28. Nb4 Bb7 29. Qd3 Qf4 30. Qd8+ Kh7 31. Qe7 Ne4 32. Nd3 Qb8 33. Rxe4 Bxe4 34. Qxe4+ Kg8 35. Qe7 Qc8 36. Qxa7 Qc2 37. Qd7 1-0